01464cam a2200253 a 4500020003900000020004200039020002300081020002600104041000800130082001700138100002800155245008200183260004400265300001900309490003500328505037900363520023900742650001300981650001900994856005901013942000701072952011401079999001701193 a0415776775 (hardback : alk. paper) a9780415776776 (hardback : alk. paper) a0203889177 (ebook) a9780203889176 (ebook) aENG00a181.482bTIM1 aTimalsina, Sthaneshwar,10aConsciousness in Indian philosophy : The Advaita doctrine of 'awareness only' aLondon ;aNew York :bRoutledge,c2009. axxii, 179 p. ;1 aRoutledge Hindu studies series0 aPt. I. Sat -- 1. Establishment of 'awareness only' -- 2. Svaprakasata (self-awareness) -- 3. Ekajiva : the doctrine of solitary self-awareness -- 4. Existence and awareness -- Pt. II. Anirvacaniya -- 5. Avidya -- Pt. II. Asat -- 6. A critique of difference -- 7. A critique of 'object' -- Pt. IV. Comparisons -- 8. Cinmatra and cittamatra : the Advaita critique of Yogacara.8 aThis text centers on the analysis of pure consciousness as found in Advaita Vedanta, one of the main schools of Indian philosophy. Written lucidely and clearly, it reveals the depth and implications of Indian metaphysics and argument. 0aAdvaita. 0aConsciousness.41uhttp://www.loc.gov/catdir/toc/ecip0817/2008018729.html cBK 00104070aHMIbHMIcGENd2019-01-29g3271.00l5o181.482 TIMp25540r2026-01-12s2026-01-12w2019-01-29yBK c22601d22601